Statistics for Countries 2 Borders Away: Estonia

Click here to take the quiz!

General Stats

  • This quiz has been taken 22 times
  • The average score is 11 of 12

Answer Stats

Country% Correct
China
95%
Finland
95%
Lithuania
95%
Belarus
90%
Kazakhstan
90%
Mongolia
90%
Norway
90%
Poland
90%
Ukraine
90%
Azerbaijan
85%
Georgia
85%
North Korea
80%

Score Distribution

Percentile by Number Answered

Percent of People with Each Score

Your Score History

You have not taken this quiz